Harry Potter - Häuser zuordnen (mittel) - Statistiken

Allgemein
  • Dieses Quiz wurde 434 mal gespielt
  • Das Durchschnittsergebnis liegt bei 16 aus 18
Antwortstatistiken
Name Haus % Korrekt
Seamus Finnigan Gryffindor
98%
Hannah Abott Hufflepuff
95%
Marcus Flint Slytherin
94%
Lavender Brown Gryffindor
92%
Colin Creevey Gryffindor
91%
Pansy Parkinson Slytherin
91%
Angelina Johnson Gryffindor
90%
Parvati Patil Gryffindor
90%
Michael Corner Ravenclaw
90%
Padma Patil Ravenclaw
90%
Lee Jordan Gryffindor
89%
Nymphedora Tonks Hufflepuff
89%
Penelope Clearwater Ravenclaw
89%
Millicent Bullstrode Slytherin
89%
Ernie MacMillan Hufflepuff
88%
Blaise Zabini Slytherin
88%
Romilda Vane Gryffindor
86%
Justin Finch-Fletchley Hufflepuff
86%
Keine übereinstimmenden Quizze gefunden
Verteilung der Resultate
Anzahl Personen mit jedem Resultat
Perzentil nach korrekt beantworteten Fragen
Ihre Resultats-Entwicklung
Sie haben dieses Quiz noch nicht gespielt